Vestiti, abbigliamento e accessori (con foto) - modo casuale - Statistics

Statistiche generali
  • Questo quiz è stato fatto 52 volte
  • Il punteggio medio è 15 su 24
Statistiche sulle risposte
con Immagini Risposta % Corretto
camicetta
100%
cappello
100%
casco
100%
cerchietto
100%
cintura
100%
occhiali da sole
100%
ombrello
100%
orecchini
100%
reggiseno
100%
valigia
100%
bracciale
91%
accappatoio
90%
canottiera
90%
cravatta
90%
maglione
90%
ciabatte
89%
cuffia
89%
felpa
89%
gonna
89%
maglietta
89%
portafoglio
89%
stivali
89%
infradito
88%
mocassini
88%
pantaloni
88%
abito
86%
calzini
86%
guanti
86%
guantone
86%
zaino
85%
braccialetto
83%
pigiama
83%
polsino
83%
muta
82%
calze
80%
cappotto
80%
costume da bagno
80%
sciarpa
80%
gilet
78%
ginocchiere
78%
grembiule
78%
mascherina
78%
pantaloncini
78%
anello
77%
marsupio
75%
foulard
71%
sandali
71%
borsa
70%
abito da sposa
67%
collana
67%
costume da uomo
67%
jeans
67%
maglia
67%
maglia termica
67%
orologio
67%
collare
64%
calzamaglia
63%
piumino
63%
completo
60%
impermeabile
60%
pareo
60%
portachiavi
60%
scarpe da calcio
60%
ventiquattrore
60%
mutande
58%
cappuccio
57%
salopette
57%
camicia
56%
turbante
56%
zoccoli
56%
berretto
55%
divisa militare
55%
copricapo
50%
giubbotto antiproiettile
50%
giubbotto di pelle
50%
guanti monouso
50%
papillon
50%
scarpe antinfortunistiche
50%
tuta spaziale
50%
décolleté
45%
scarpone
45%
panciotto
43%
giacca
40%
elastico per capelli
38%
fermaglio
38%
divisa ospedaliera
33%
divisa scolastica
33%
giubbotto salvagente
33%
molletta per capelli
33%
cotta di maglia
29%
collant
22%
tuta sportiva
22%
borsa a tracollo
20%
giubbotto
20%
portaocchiali
20%
abito da uomo
17%
berretto da baseball
17%
vestito da sera
17%
intimo
14%
scarpe di vernice
13%
bavaglino
0%
fascia da polso
0%
maglia dolcevita
0%
mantella
0%
scarpe da gimnastica
0%
tuta sci
0%
Nessun quiz corrispondente trovato
Distribuzione punteggi
Percentuale di utenti per punteggio
Percentile per numero di risposta
I tuoi punteggi nel tempo
Non hai fatto questo quiz